00000000nam##2200000za#4500
0019.601558
003CaOODSP
00520230511091644
007cr |||||||||||
008150406|2005||||xxc|||||o    f|0| 0 fre|d
040 |aCaOODSP|bfre
043 |an-cn---
0861 |aYC26-0/381-13F-PDF
1101 |aCanada. |bParlement. |bSénat. |bComité sénatorial permanent de l'énergie, de l'environnement et des ressources naturelles.
24510|aL'eau dans l'Ouest : |h[ressource électronique]|bune source d'inquiétude / |cL'honorable Tommy Banks, président; L'honorable Ethel M. Cochrane, vice-présidente.
2463 |aQuatrième rapport provisoire du Comité sénatorial permanent de l’énergie, de l’environnement et des ressources naturelles
260 |aOttawa - Ontario : |bSénat. |cNovembre 2005.
300 |a30p.
4901 |aRapport du Comité sénatorial permanent de l'énergie, de l'environnement et des ressources naturelles|v[38e législature, 1re session, 13e rapport]
590 |a11-12-Supp|b2011-07-29
77508|tWater in the West : |w(CaOODSP)9.570915
830#0|aRapport du Comité sénatorial permanent de l'énergie, de l'environnement et des ressources naturelles ;|v[38e législature, 1re session, 13e rapport]|w(CaOODSP)9.502804
85640|ahttp://publications.gc.ca|qPDF|s185 Ko|uhttps://publications.gc.ca/collections/collection_2011/sen/yc26-0/YC26-0-381-13-fra.pdf|y[38e législature, 1re session, 13e rapport]